Personal laboral en la administración pública (Registro nro. 45972)
[ vista simple ]
| 000 -CABECERA | |
|---|---|
| Longitud fija campo de control | 01083naa a2200265 c 4500 |
| 001 - NÚMERO DE CONTROL | |
| Número de control | 45972 |
| 003 - IDENTIFICADOR DE NÚMERO DE CONTROL | |
| Identificador del número de control | ES-MaCES |
| 005 - FECHA Y HORA DE LA ÚLTIMA TRANSACCIÓN | |
| Fecha y hora de la última transacción | 20150925135704.0 |
| 008 - CAMPO FIJO DE DESCRIPCIÓN FIJA--INFORMACIÓN GENERAL | |
| Códigos de información de longitud fija | 150615s2014 sp ||||| t||||||| ||spa d |
| 040 ## - FUENTE DE CATALOGACIÓN | |
| Centro catalogador de origen | ES-MaCES |
| Lengua de catalogación | spa |
| Centro transcriptor | ES-MaCES |
| 100 1# - ENCABEZAMIENTO PRINCIPAL--NOMBRE PERSONAL | |
| 9 (RLIN) | 25877 |
| Nombre de persona | Vila Tierno, Francisco |
| 245 10 - MENCIÓN DE TÍTULO | |
| Título | Personal laboral en la administración pública |
| Resto del título | : situaciones de acceso irregular y despido colectivo |
| Mención de responsabilidad, etc. | Francisco Vila Tierno |
| 500 ## - NOTA GENERAL | |
| Nota general | Resumen |
| 650 #4 - ASIENTO SECUNDARIO DE MATERIA--TÉRMINO DE MATERIA | |
| 9 (RLIN) | 27214 |
| Término de materia o nombre geográfico como elemento inicial | administración pública |
| 650 #4 - ASIENTO SECUNDARIO DE MATERIA--TÉRMINO DE MATERIA | |
| 9 (RLIN) | 30040 |
| Término de materia o nombre geográfico como elemento inicial | condiciones de empleo |
| 650 #4 - ASIENTO SECUNDARIO DE MATERIA--TÉRMINO DE MATERIA | |
| 9 (RLIN) | 28316 |
| Término de materia o nombre geográfico como elemento inicial | contrato de trabajo |
| 650 #4 - ASIENTO SECUNDARIO DE MATERIA--TÉRMINO DE MATERIA | |
| 9 (RLIN) | 30420 |
| Término de materia o nombre geográfico como elemento inicial | condiciones de admisión al trabajo |
| 650 #4 - ASIENTO SECUNDARIO DE MATERIA--TÉRMINO DE MATERIA | |
| 9 (RLIN) | 28219 |
| Término de materia o nombre geográfico como elemento inicial | reglamento del personal |
| 650 #4 - ASIENTO SECUNDARIO DE MATERIA--TÉRMINO DE MATERIA | |
| 9 (RLIN) | 28359 |
| Término de materia o nombre geográfico como elemento inicial | despido colectivo |
| 653 ## - TÉRMINO DE INDEXACIÓN--NO CONTROLADO | |
| Término no controlado | Relaciones laborales-Empleo |
| 650 #4 - ASIENTO SECUNDARIO DE MATERIA--TÉRMINO DE MATERIA | |
| 9 (RLIN) | 28369 |
| Término de materia o nombre geográfico como elemento inicial | relaciones laborales |
| 773 0# - ENTRADA DE DOCUMENTO FUENTE | |
| Itemnumber del ítem fuente | 82431 |
| Lugar, editor y fecha de publicación | Madrid (Ignacio Ellacuría, 3, 28017) Civitas |
| Otro identificador del documento | 085334 |
| Título | Nueva revista española de Derecho del trabajo |
| Número de control del registro relacionado | (ES-MaCES)25060 |
| Parte(s) relacionada(s) | n. 168 (sept. 2014) {10040 R. 085334} ;p. 269-304 |
| 902 ## - CES. TIPO DE DOCUMENTO | |
| Tipodoc (006$c Sirtex) | ART Artículo de revista |
| 942 ## - ELEMENTOS KOHA | |
| Fuente de clasificaión o esquema | Clasificación propia del CES |
| Koha [por defecto] tipo de item | Artículos (1982-2017) |
| Parte de clasificación | Relaciones Laborales y Rel. Lab.- Empleo |
No hay ítems disponibles.
